000 00692pam a2200229 a 4500
001 2031470
005 20180827073030.0
008 920429s1993 nyua 001 0 eng
010 _a 92016939
020 _a0065004485
040 _aDLC
_cDLC
_dDLC
041 _aeng
080 _a331
082 0 0 _a331
_220
100 1 _a52
101 _aECO
245 1 4 _aThe economics of work and pay /
_cDaniel S. Hamermesh, Albert Rees.
504 _aIncludes bibliographical references and index.
906 _a7
_bcbc
_corignew
_d1
_eocip
_f19
_gy-gencatlg
942 _2ddc
_cBK
999 _c47344
_d47344